Implementácia znalostného manažmentu v strategickom rozvoji logistických procesov
Nástup novej ekonomiky, založenej na informáciách, znalostiach a schopnostiach ľudí. Stratégia konkurencieschopnosti intenzívne presadzuje znalostnú ekonomiku, znalostný manažment. Rozvojová trajektória znalostného manažmentu a logistika. Strategické faktory rozvoja logistických procesov. Logistika...
Saved in:
| Main Author: | |
|---|---|
| Format: | Book Chapter |
| Language: | Slovak |
| Subjects: | |
| Tags: |
No Tags, Be the first to tag this record!
|
MARC
| LEADER | 00000naa$a2200000$$$4500 | ||
|---|---|---|---|
| 001 | 0041434 | ||
| 005 | 20240502071511.1 | ||
| 041 | 0 | |a slo | |
| 044 | |a SK | ||
| 245 | 1 | 0 | |a Implementácia znalostného manažmentu v strategickom rozvoji logistických procesov |c Andrej Dupaľ |
| 520 | |a Nástup novej ekonomiky, založenej na informáciách, znalostiach a schopnostiach ľudí. Stratégia konkurencieschopnosti intenzívne presadzuje znalostnú ekonomiku, znalostný manažment. Rozvojová trajektória znalostného manažmentu a logistika. Strategické faktory rozvoja logistických procesov. Logistika a kvalita. Využívanie bázy znalostí v projektovaní logistických procesov. | ||
| 610 | 2 | 0 | |a ekonomika nová |
| 610 | 2 | 0 | |a ekonomika vedomostná |
| 610 | 2 | 0 | |a konkurencieschopnosť |
| 610 | 2 | 0 | |a riadenie znalostí |
| 610 | 2 | 0 | |a logistika |
| 610 | 2 | 0 | |a manažment logistický |
| 610 | 2 | 0 | |a stratégia podniková |
| 100 | 1 | |a Dupaľ, Andrej | |